Two Clues: 'P' Words Quiz Stats

Quiz Updated Dec 17, 2015

Challenge
Share
Tweet
Embed
Score 0/22 Timer 04:00
0 Plays Today
Two Clues 'P' Word % Correct
Earth or JupiterPlanet
97.8%
Ballpoint or fountainPen
97.2%
Babe or PorkyPig
96.4%
Benedict XVI or John Paul IIPope
96.3%
'Mona Lisa' or 'The Starry Night'Painting
96%
Alcatraz or The BastillePrison
95.6%
Buckingham or MysorePalace
94.1%
Hyde or CentralPark
93.6%
Chanel No. 5 or ObsessionPerfume
93.4%
Millard Fillmore or Woodrow WilsonPresident
92.9%
Apple or Boston CreamPie
92.4%
Two Clues 'P' Word % Correct
Gherkin or kosher dillPickle
90.6%
Cocktail or honey roastedPeanut
89.9%
Diana or MononokePrincess
87.9%
Baby Grand or uprightPiano
87.9%
Blueberry or buttermilkPancake
87%
Nietzsche or SocratesPhilosopher
86.9%
Neruda or PicassoPablo
78.9%
( or )Parenthesis
70.7%
Arthur Miller or Henrik IbsenPlaywright
61.1%
Madam, I'm Adam or Race CarPalindrome
56.5%
Bosc or D'AnjouPear
54.1%

You're not logged in!

Compare scores with friends on all Sporcle quizzes.
Sign Up with Email
OR
Log In

You Might Also Like...

Show Comments

Extras

Top Quizzes Today


Score Distribution

Your Account Isn't Verified!

In order to create a playlist on Sporcle, you need to verify the email address you used during registration. Go to your Sporcle Settings to finish the process.

Report this User

Report this user for behavior that violates our Community Guidelines.

Details: